|
003 -Nazwa inst., której nr kontr. jest w polu 001 [,]
|
-
- @
- Nazwa instytucji, której n kontrolny jest w polu 001
- NUKAT
|
|
005 -DATA I CZAS OSTATNIEJ MODYFIKACJI [,]
|
-
- @
- pole kontrolne
- 20260429180043.0
|
|
020 -Międzynarod. znormalizowany nr książki - ISBN [ , ]
|
-
- a
- Numer ISBN
- 8389738015
|
|
040 -Instytucja sporządzająca opis [ , ]
|
-
- a
- Instytucja, która sporządziła opis (NP)
- KR U/WS
-
- c
- Instytucja, która sporządziła rekord (NP)
- KR U/WS
-
- d
- Instytucja, która zmodyfikowała rekord (P)
- KR U/ES
-
- d
- Instytucja, która zmodyfikowała rekord (P)
- Ł U/RRs
-
- d
- Instytucja, która zmodyfikowała rekord (P)
- WR U/mt
-
- d
- Instytucja, która zmodyfikowała rekord (P)
- KR 93/MSs
-
- d
- Instytucja, która zmodyfikowała rekord (P)
- GL 001/IFW
|
|
942 -Rodzaj dokumentu [ , ]
|
-
- c
- Rodzaj dokumentu
- Książka
|
|
300 -Strefa opisu fizycznego [ , ]
|
-
- a
- Określenie formy książki i/lub objętość (NP)
- 200 s., [16] s. tabl. kolor. :
-
- b
- Oznaczenie ilustracji (NP)
- il. ;
-
|
|
336 -Typ zawartości [ , ]
|
-
- a
- Termin opisujący typ zawartości
- Tekst
-
- b
- Kod określający zawartość
- txt
-
- 2
- Źródło (terminu i kodu)
- rdacontent
|
|
337 -Typ mediów [ , ]
|
-
- a
- Tryb odtwarzania
- Bez urządzenia pośredniczącego
-
-
- 2
- Źródło (terminu i kodu)
- rdamedia
|
|
338 -Typ/rodzaj nośnika [ , ]
|
-
- a
- Hasło opisujące typ nośnika
- Wolumin
-
-
- 2
- Źródło (terminu i kodu)
- rdacarrier
|
|
380 -Deskryptor - Forma dzieła (P) [ , ]
|
-
- a
- forma dzieła (NP)
- Książki
|
|
380 -Deskryptor - Forma dzieła (P) [ , ]
|
-
- a
- forma dzieła (NP)
- Publikacje dydaktyczne
|
|
380 -Deskryptor - Forma dzieła (P) [ , ]
|
-
- a
- forma dzieła (NP)
- Publikacje naukowe
|
|
385 -Deskryptor - grupa odbiorców (P) [ , ]
|
-
- m
- wyrażenie wprowadzające (NP)
- Poziom nauczania
-
- a
- termin określający odbiorcę (P)
- Szkoły wyższe
|
|
385 -Deskryptor - grupa odbiorców (P) [ , ]
|
-
- a
- termin określający odbiorcę (P)
- Szkoły wyższe
|
|
080 -Uniwersalna Klasyfikacja Dziesiętna [ , ]
|
-
- 2
- Identyfikator wydania tablic
- UDC-P022
-
- a
- Symbol klasyfikacji
- 379.85
-
- b
- Dopowiedzenie
- Turystyka. Podróże dla przyjemności.
|
|
080 -Uniwersalna Klasyfikacja Dziesiętna [ , ]
|
-
- 2
- Identyfikator wydania tablic
- UDC-P005
-
- a
- Symbol klasyfikacji
- 379.84
-
- b
- Dopowiedzenie
- Rekreacja (wypoczynek) na powietrzu. Rekreacyjne uprawianie sportu.
|
|
080 -Uniwersalna Klasyfikacja Dziesiętna [ , ]
|
-
- 2
- Identyfikator wydania tablic
- UDC-P022
-
- a
- Symbol klasyfikacji
- 613.7
-
- b
- Dopowiedzenie
- Higiena wypoczynku. Gimnastyka. Zmęczenie. Wyczerpanie. Bezsenność.
|
|
080 -Uniwersalna Klasyfikacja Dziesiętna [ , ]
|
-
- 2
- Identyfikator wydania tablic
- UDC-P022
-
- a
- Symbol klasyfikacji
- 614.2
-
- b
- Dopowiedzenie
- Urzędowa i zawodowa organizacja służby zdrowia. Szpitale. Sanatoria. Ośrodki zdrowia. Przychodnie lekarskie.
|
|
080 -Uniwersalna Klasyfikacja Dziesiętna [ , ]
|
-
- 2
- Identyfikator wydania tablic
- UDC-P022
-
- a
- Symbol klasyfikacji
- 502.3
-
- b
- Dopowiedzenie
- Przyroda a społeczeństwo. Ochrona przyrody ogólnie.
|
|
080 -Uniwersalna Klasyfikacja Dziesiętna [ , ]
|
-
- 2
- Identyfikator wydania tablic
- UDC-P022
-
- a
- Symbol klasyfikacji
- 908
-
- b
- Dopowiedzenie
- Krajoznawstwo.
|
|
650 -Hasło przedmiotowe [ ,7]
|
-
- a
- Hasło przedmiotowe
- Geografia fizyczna
-
-
|
|
650 -Hasło przedmiotowe [ ,7]
|
-
- a
- Hasło przedmiotowe
- Krajoznawstwo
-
-
|
|
650 -Hasło przedmiotowe [ ,7]
|
-
- a
- Hasło przedmiotowe
- Przyroda
-
-
|
|
650 -Hasło przedmiotowe [ ,7]
|
-
- a
- Hasło przedmiotowe
- Turystyka
-
-
|
|
650 -Hasło przedmiotowe [ ,7]
|
-
- a
- Hasło przedmiotowe
- Uzdrowiska
-
-
|
|
650 -Hasło przedmiotowe [ ,7]
|
-
- a
- Hasło przedmiotowe
- Turystyka
-
- x
- Określnik rzeczowy
- aspekt środowiskowy
-
- v
- Określnik formalny
- podręczniki akademickie.
-
-
|
|
650 -Hasło przedmiotowe [ ,7]
|
-
- a
- Hasło przedmiotowe
- Rekreacja
-
- v
- Określnik formalny
- podręczniki akademickie.
-
-
|
|
650 -Hasło przedmiotowe [ ,7]
|
-
- a
- Hasło przedmiotowe
- Ekoturystyka
-
- v
- Określnik formalny
- podręczniki akademickie.
-
-
|
|
655 -Hasło w funkcji tematu formalnego [ ,7]
|
-
-
-
|
|
658 -Ujęcie treści [ , ]
|
-
- a
- dziedzina nauki i sztuki/ sfera aktywności życiowej
- Biologia
|
|
658 -Ujęcie treści [ , ]
|
-
- a
- dziedzina nauki i sztuki/ sfera aktywności życiowej
- Geografia i nauki o Ziemi
|
|
980 -Symbol UKD [ , ]
|
-
- a
- UKD
- 379.85:379.84:613.7:614.2:502.3:908
|